Obchodovanie pomocou algoritmov na burze bakalárska práca

Enregistré dans:
Détails bibliographiques
Auteur principal: Nociar, Branislav
Collectivité auteur: Fakulta hospodárskej informatiky EU. Katedra aplikovanej informatiky
Autres auteurs: Szivósová, Mária, 1958-
Format: Livre
Langue:slovaque
Publié: Bratislava 2022
Tags: Ajouter un tag
Pas de tags, Soyez le premier à ajouter un tag!

MARC

LEADER 00000nbm a2200000 4500
001 0286094
005 20230127144136.3
041 0 |a slo 
044 |a SK 
245 1 0 |a Obchodovanie pomocou algoritmov na burze  |b bakalárska práca  |c Branislav Nociar ; školiteľ: Mária Szivósová 
264 1 |a Bratislava  |c 2022 
300 |a 54 s. 
100 1 |a Nociar, Branislav 
700 1 |a Szivósová, Mária, 1958- 
710 2 |a Fakulta hospodárskej informatiky EU. Katedra aplikovanej informatiky